1006 1293 1629 1667 1230 1038 1326 1093 1991 1450 1839 1216 1620 1357 1076 1852 1277 1296 1624 1309 1285 1890 1327 1402 1291 1245 1456 1102 1865 1196 1592 1024 1193 1774 1283 1671 1430 1180 1544 1076 1434 1966 1783 1967 1527 1590 1211 1987 1935 1220 1844 1787 1453 1031 1549 1833 1429 1875 1866 1860 1004 1511 1063 1619 1258 1215 1731 1375 1969 1180 1514 1501 1812 1155 1216 1069 1464 1435 1078 1525 1893 1437 1742 1808 1218 1228 1001 1676 1103 1490 1846 1540 1140 1838 1028 1555 1103 1545 1805 BCNSPRNW ULIB Ver.6.0+V

เปลี่ยนเป็นภาษาไทย

Change to English
 แสดงรายละเอียดบรรณานุกรม
  กลับหน้าหลัก

Brief Record : Get Marc (ISO 2709) : E-mail record : QR code < ปิดหน้าต่าง
LEADER : 00000nam 2200000uu 4500
001    13399110164
003     ULIB
008    110425s2549||||th 000 0 tha d
020    9749993705
020    9789748430072
060 04 QS4^bว724ก 2549
100 0  วิไล ชินธเนศ
245 10 กายวิภาคศาสตร์ของมนุษย์ =^bHuman anatomy /^cวิไล ชินธเนศ,ธันวา ตันสถิตย์ และ มนตกานต์ ตันสถิตย์
246 31 Human anatomy
250    พิมพ์ครั้งที่ 6
260    กรุงเทพฯ :^bเฟื่องฟ้า,^c2549
300    304, [xxi] :^bภาพประกอบ ;^c29 ซม.
650  7 กายวิภาคศาสตร์
700 0  มนตกานต์ ตันสถิตย์
700 0  ธันวา ตันสถิตย์
710 2  จุฬาลงกรณ์มหาวิทยาลัย. ^bคณะแพทยศาสตร์.^bภาควิชากายวิภาคศาสตร์
945    ^p300^l0^i24580
945    ^p300^l0^i14077
945    ^p300^l0^i24578
945    ^p300^l0^i14078
945    ^p300^l0^i24579
945    ^p300^l0^i14080
945    ^p300^l0^i14081
945    ^p300^l0^i14079
995    กัณชพร
999    ^aใช้งานได้ทุกระบบ
รายการนี้ยังไม่มีแท็ก
คุณยังไม่ได้ล็อกอิน คุณสามารถมีกิจกรรมร่วมกับเว็บไซต์ได้ แต่ต้องล็อกอินก่อน ::
  ล็อกอิน

รายการสื่อสารสนเทศ

ลำดับที่ ประเภท เลขเรียก/บาร์โค้ด สถานที่ สถานะ
1. วิทยาศาสตร์การแพทย์ และสุขภาพ
วิทยาศาสตร์การแพทย์ และสุขภาพ
QS4 ว724ก 2549 ฉ.1 
  Barcode: 14077
ห้องสมุดวิทยาเขตสวรรค์ประชารักษ์
►นวนิยาย
บนชั้น
  ขอยืม
2. วิทยาศาสตร์การแพทย์ และสุขภาพ
วิทยาศาสตร์การแพทย์ และสุขภาพ
QS4 ว724ก 2549 ฉ.2 
  Barcode: 14078
ห้องสมุดวิทยาเขตสวรรค์ประชารักษ์
►นวนิยาย
บนชั้น
  ขอยืม
3. วิทยาศาสตร์การแพทย์ และสุขภาพ
วิทยาศาสตร์การแพทย์ และสุขภาพ
QS4 ว724ก 2549 ฉ.3 
  Barcode: 14079
ห้องสมุดวิทยาเขตสวรรค์ประชารักษ์
►นวนิยาย
บนชั้น
  ขอยืม
4. วิทยาศาสตร์การแพทย์ และสุขภาพ
วิทยาศาสตร์การแพทย์ และสุขภาพ
QS4 ว724ก 2549 ฉ.4 
  Barcode: 14080
ห้องสมุดวิทยาเขตสวรรค์ประชารักษ์
►นวนิยาย
บนชั้น
  ขอยืม
5. วิทยาศาสตร์การแพทย์ และสุขภาพ
วิทยาศาสตร์การแพทย์ และสุขภาพ
QS4 ว724ก 2549 ฉ.7 
  Barcode: 24580
ห้องสมุดวิทยาเขตสวรรค์ประชารักษ์
►นวนิยาย
บนชั้น
  ขอยืม
6. วิทยาศาสตร์การแพทย์ และสุขภาพ
วิทยาศาสตร์การแพทย์ และสุขภาพ
QS4 ว724ก 2549 ฉ.8 
  Barcode: 24579
ห้องสมุดวิทยาเขตสวรรค์ประชารักษ์
►นวนิยาย
บนชั้น
  ขอยืม

รายการใกล้เคียง
    ผู้แต่ง [วิไล ชินธเนศ]

    หัวเรื่อง [กายวิภาคศาสตร์]

BibComment


ยังไม่เคยถูกคอมเมนท์

คอมเมนท์ทรัพยากรรายการนี้
  คอมเมนท์: กายวิภาคศาสตร์ของ..


 Copyright 2026. Bcnsprnw @Library